000 00782cam a2200265 4500
001 16292
010 _a9724111776
021 _b55980/92
090 _a16292
100 _a19930628d1993 cd y0pory5003 ba
200 1 _aDe Gaulle
_ftexto Jacques Marseille
_gtrad. e adapt. Manuela Sinde
_gil. Lucien Nortier, Christian Gaty
_gdir. Alain Plessis
205 _a1ª ed.
210 9 _aPorto
_cASA,
_d1990
215 _a35, [1] p.
_ctodo il.
_d25 cm
225 2 _aNova história júnior;
_v20)
606 _9164
_aHistória Infanto Juvenil
675 _a087.5
_vBN
_zpor
675 _a94(4)
_vBN
_zpor
700 1 _aMarseille,
_bJacques
702 1 _aNortier,
_bLucien
702 1 _aGaty,
_bChristian
702 1 _aPlessis,
_bAlain
702 1 _aSinde,
_bManuela
801 0 _aPT
_bBN
_gRPC
990 _cLIVROS